000 00766nam a2200217 i 4500
001 bg
245 0 0 _aMechanika ośrodków niejednorodnych :
_bstreszczenia referatów : Zielona Góra - Łagów 11-13 maja 2005 /
_ckom. nauk. Jan Awrejcewicz [et al.] ; Uniwersytet Zielonogórski.
260 _aZielona Góra :
_bOficyna Wydawnicza Uniwersytetu Zielonogórskiego,
_c2005.
300 _a116 s. :
_brys, wykr. ;
_c24 cm.
504 _aBibliogr. przy ref.
650 9 _aMateriałoznawstwo
655 _aMateriały konferencyjne
700 1 _aAwrejcewicz, Jan
_c(1952- ).
_eRed.
020 _a8389712644
040 _cBPK
041 0 _apol
080 _a620.1:539.3/.6(061)
920 _a83-89712-64-4
942 _cKS
008 s pl f |000 0 pol
999 _c53654
_d53654
856 _uhttp://koha.tu.koszalin.pl/cgi-bin/koha/opac-detail.pl?biblionumber=53654
_yKatalog online BPK